000 01500 a2200277 4500
001 128072
020 _a9780064407687
040 _cEscola Canadense de Niteroi
090 _aSNI
100 _aSnicket, Lemony
245 1 0 _aThe wide window
250 _a1st. ed.
260 _aNew York
300 _a214 p.
_c5 x 0.87 x 7 inches (hardcover)
362 0 _a2000
490 0 _aA Series Of Unfortunate Events
520 _aDear Reader, If you have not read anything about the Baudelaire orphans, then before you read even one more sentence, you should know this: Violet, Klaus, and Sunny are kindhearted and quick-witted, but their lives, I am sorry to say, are filled with bad luck and misery. All of the stories about these three children are unhappy and wretched, and this one may be the worst of them all. If you haven't got the stomach for a story that includes a hurricane, a signalling device, hungry leeches, cold cucumber soup, a horrible villain, and a doll named Pretty Penny, then this book will probably fill you with despair. I will continue to record these tragic tales, for that is what I do. You, however, should decide for yourself whether you can possibly endure this miserable story. With all due respect, Lemony Snicket
650 4 _aOrphans
650 4 _aBrothers and Sisters
650 4 _aAction or Adventure
650 4 _aJuvenile Literature
650 4 _aHumorous stories
650 4 _aMystery, Thriller or Terror
650 4 _aTv Shows
942 _cBK
999 _c128072
_d128072